[Event "ch-FRA Blitz Online Qual"]
[Site "Europe-Chess INT"]
[Date "2020.05.16"]
[Round "12"]
[White "Gheorghin, Felix"]
[Black "Charousset, Donovan"]
[Result "1-0"]
[WhiteElo "1310"]
[BlackElo "1204"]
[WhiteFideId "651027240"]
[BlackFideId "45167699"]
[EventDate "2020.05.16"]

1. e4 e5 2. Nf3 Nc6 3. Bc4 Bc5 4. c3 Bb6 5. d4 exd4 6. cxd4 d6 7. d5 Ne5 8. Nxe5
dxe5 9. Bb5+ Bd7 10. Bxd7+ Qxd7 11. Nc3 Nf6 12. O-O O-O 13. Bg5 Qe7 14. Qf3 h6
15. Bxf6 Qxf6 16. Qxf6 gxf6 17. Rad1 Bd4 18. Kh1 a6 19. f3 Kh7 20. Rfe1 Rg8 21.
Rd2 Rg7 22. Ne2 Be3 23. Rd3 Bc5 24. Rc1 Bd6 25. Ng3 Rag8 26. Rc2 Rg5 27. Nf5 Rd8
28. Nxd6 cxd6 29. Rc7 Rdg8 30. Rxf7+ Kh8 31. Rd2 Rc8 32. Kg1 Rc1+ 33. Kf2 Ra1
34. a3 Rc1 35. Rxb7 Kg8 36. Ra7 Rg6 37. Rxa6 Rc7 38. Rxd6 Rcg7 39. Rd8+ Kh7 40.
Kf1 h5 41. b4 h4 42. h3 1-0

[Event "ch-FRA Blitz Online Qual"]
[Site "Europe-Chess INT"]
[Date "2020.05.16"]
[Round "12"]
[White "Mirguet, Ulysse"]
[Black "Ngomane, Max"]
[Result "0-1"]
[WhiteElo "1105"]
[BlackElo "1278"]
[WhiteFideId "36044300"]
[BlackFideId "651049791"]
[EventDate "2020.05.16"]

1. e4 c5 2. Nf3 e6 3. Nc3 a6 4. Bc4 b5 5. Be2 Bb7 6. d4 cxd4 7. Nxd4 Nc6 8. Bf4
Bc5 9. Nxc6 Bxc6 10. Be5 Nf6 11. Qd3 Bxf2+ 12. Kxf2 O-O 13. Rhf1 d5 14. exd5
exd5 15. Kg1 Re8 16. Bg3 Ne4 17. Nxe4 Rxe4 18. Qf3 Re7 19. Bh4 Qb6+ 20. Kh1 Rc7
21. Rf2 Rf8 22. Raf1 Qb7 23. Qh3 d4 24. Bd3 g6 25. Bf6 Rd7 26. Kg1 Rd6 27. Qh6
Rxf6 28. Rxf6 Qe7 29. Rxc6 Qe3+ 30. Kh1 Qxh6 31. Rxa6 Qd2 32. Rb6 b4 33. Rd6 Kg7
34. Rxd4 h5 35. c3 Kh6 36. Rxb4 Qe3 37. Rbf4 g5 38. Rxf7 Rxf7 39. Rxf7 Qxd3 40.
h3 Qd1+ 41. Kh2 Qd6+ 42. g3 Qe6 43. Rf8 Qe2+ 44. Kg1 Qxb2 45. Rf6+ Kg7 46. Rf2
Qxc3 47. Kg2 Qc1 48. Rf1 Qc6+ 49. Rf3 g4 50. Kf2 gxf3 51. g4 Qc2+ 52. Kxf3 Qxa2
53. gxh5 Qf7+ 0-1

[Event "ch-FRA Blitz Online Qual"]
[Site "Europe-Chess INT"]
[Date "2020.05.16"]
[Round "12"]
[White "Manvieu, Paul"]
[Black "Cherfils, Richard"]
[Result "0-1"]
[WhiteElo "1018"]
[BlackElo "1356"]
[WhiteFideId "651000482"]
[BlackFideId "36072362"]
[EventDate "2020.05.16"]

1. e4 e5 2. Nf3 f5 3. exf5 d6 4. Nc3 Bxf5 5. d4 Nd7 6. Bc4 Ngf6 7. Nh4 Bg6 8.
dxe5 Nxe5 9. Bb3 Qe7 10. O-O O-O-O 11. Qe2 Bf7 12. Bd2 a6 13. Nf5 Qd7 14. Ng3 h6
15. Bxf7 Qxf7 16. b4 Re8 17. Qd1 Nc4 18. a4 Nxd2 19. Qxd2 Qc4 20. b5 Re2 21.
Ngxe2 Ne4 22. Nxe4 Qxe4 23. bxa6 bxa6 24. Qa5 Qc6 25. Rab1 Qxc2 26. Nd4 Qc5 27.
Qxc5 dxc5 28. Ne6 Bd6 29. Rb2 g5 30. Rfb1 Rh7 31. Rb8+ Kd7 32. Rd8+ Kxe6 33. Rc8
c4 34. Rbb8 Kd5 35. Rd8 Kc5 36. Ra8 c3 37. Rxa6 c2 38. h3 c1=Q# 0-1

[Event "ch-FRA Blitz Online Qual"]
[Site "Europe-Chess INT"]
[Date "2020.05.16"]
[Round "12"]
[White "Hegedus, Pascal"]
[Black "Frazao, Pascal"]
[Result "1-0"]
[WhiteElo "1283"]
[BlackElo "1165"]
[WhiteFideId "20604289"]
[BlackFideId "45127557"]
[EventDate "2020.05.16"]

1. e4 e5 2. Nf3 d6 3. d4 Nc6 4. dxe5 Nxe5 5. Nxe5 dxe5 6. Qxd8+ Kxd8 7. Nc3 Be6
8. Be3 Ke7 9. f3 g6 10. g4 Nf6 11. O-O-O Bg7 12. Kb1 Nd7 13. Nb5 c6 14. Bc5+ Ke8
15. Nc7+ Kd8 16. Nxa8 Bf8 17. Bxf8 Rxf8 18. h4 Ke7 19. Rd2 Nc5 20. Nc7 b5 21.
Nxe6 Nxe6 22. c3 a6 23. b3 Nf4 24. Rhh2 f6 25. c4 Kf7 26. cxb5 cxb5 27. Rd7+ Kg8
28. Rc2 Ne6 29. Ra7 Rd8 30. Kc1 Nd4 31. Rcc7 Nxf3 32. Rg7+ Kf8 33. Rxh7 Rd2 34.
Raf7+ Ke8 35. Rxf6 Rxa2 36. Rxf3 Ra1+ 37. Kb2 Rd1 38. Ra7 Rd2+ 39. Ka3 Rd4 40.
Re3 b4+ 41. Ka4 Kd8 42. Rxa6 Rd1 43. Bc4 Ra1+ 44. Kb5 Rh1 45. Kxb4 Rxh4 46. Rxg6
Rh7 47. Rd3+ Kc8 48. Kc3 Re7 49. Rd5 Kc7 50. Rc5+ Kd7 51. b4 Ke8 52. b5 Ra7 53.
Kb4 Rf7 54. Rcc6 Rf4 55. Bd5 Rf2 56. Kc5 Rc2+ 57. Kd6 Rb2 58. b6 Rb5 59. Kxe5
Rb3 60. Rc7 Rh3 61. b7 Rh5+ 62. Kd4 Kd8 63. Rc8+ Kd7 64. b8=Q Ke7 1-0

[Event "ch-FRA Blitz Online Qual"]
[Site "Europe-Chess INT"]
[Date "2020.05.16"]
[Round "12"]
[White "Noyelles, Benoit"]
[Black "Rieger, Lylian"]
[Result "0-1"]
[WhiteElo "1272"]
[BlackElo "1148"]
[WhiteFideId "551061350"]
[BlackFideId "551000105"]
[EventDate "2020.05.16"]

1. e4 e5 2. Nf3 Nc6 3. Bb5 a6 4. Ba4 b5 5. Bb3 Nf6 6. O-O Bc5 7. Nc3 O-O 8. d3
d6 9. Bg5 h6 10. Bh4 g5 11. Bg3 Bg4 12. a3 Nd4 13. Nd5 Rb8 14. Ne3 Nxf3+ 15.
gxf3 Bh3 16. Re1 g4 17. fxg4 Qd7 18. a4 Nxg4 19. Nxg4 Bxg4 20. Qd2 Kg7 21. axb5
axb5 22. Bd5 Qe7 23. b4 Bd4 24. c3 Bb6 25. d4 Qf6 26. dxe5 dxe5 27. Ra2 Qf3 28.
Bxe5+ f6 29. Bf4 Bh3 30. Bxh6+ Kh7 31. e5 Qg4+ 32. Kh1 Rfd8 33. Qe3 Bxe3 34.
Bxe3 Rxd5 0-1

[Event "ch-FRA Blitz Online Qual"]
[Site "Europe-Chess INT"]
[Date "2020.05.16"]
[Round "12"]
[White "Baudouin, Moise"]
[Black "Rieger, Emmanuel"]
[Result "0-1"]
[WhiteElo "1135"]
[BlackElo "1306"]
[WhiteFideId "45116369"]
[BlackFideId "551000091"]
[EventDate "2020.05.16"]

1. c4 e5 2. g3 Nc6 3. Bg2 Nf6 4. Nf3 d6 5. d4 Bd7 6. O-O e4 7. Ng5 Ng4 8. d5 Bf5
9. dxc6 bxc6 10. Nxe4 Qe7 11. Nxd6+ cxd6 12. Bxc6+ Bd7 13. Bxa8 Qf6 14. Nc3 Be7
15. Nd5 Qe5 16. Bf4 Qh5 17. Nxe7 Qxh2# 0-1

[Event "ch-FRA Blitz Online Qual"]
[Site "Europe-Chess INT"]
[Date "2020.05.16"]
[Round "13"]
[White "Firouzja, Alireza"]
[Black "Baklan, Vladimir"]
[Result "1/2-1/2"]
[WhiteTitle "GM"]
[BlackTitle "GM"]
[WhiteElo "2728"]
[BlackElo "2587"]
[WhiteFideId "12573981"]
[BlackFideId "14102196"]
[EventDate "2020.05.16"]

1. d4 Nf6 2. Nf3 e6 3. Bf4 c5 4. e3 cxd4 5. exd4 b6 6. c3 Be7 7. Bd3 Ba6 8. Bxa6
Nxa6 9. O-O O-O 10. a4 Nc7 11. Nbd2 a6 12. Re1 Ncd5 13. Bg3 b5 14. Ne5 Qc8 15.
Qe2 d6 16. Nd3 Qb7 17. axb5 axb5 18. h3 h6 19. Qf1 Rfc8 20. Rxa8 Rxa8 21. Ra1
Nb6 22. Nb4 Na4 23. Qc1 d5 24. Be5 Nd7 25. Nd3 Nab6 26. Rxa8+ Qxa8 27. Nf1 Nc4
28. Bf4 Qa2 29. Ng3 Nf6 30. f3 Bf8 31. Kh2 g5 32. Bxg5 hxg5 33. Qxg5+ Bg7 34.
Nf4 Qb1 35. h4 Qh7 36. b3 Nd6 37. h5 Qh6 38. Qh4 Nfe8 39. Nd3 Bf6 40. Qg4+ Qg5
41. Kh3 Qxg4+ 42. Kxg4 Bg7 43. Ne5 Nf6+ 44. Kg5 Nh7+ 45. Kh4 Bf6+ 46. Kg4 Bd8
47. Nc6 f5+ 48. Kf4 Bc7 49. Ne2 Nf7+ 50. Ke3 Nf6 51. Na7 Nd6 52. Nf4 Kf7 53. Nc6
Nde8 54. Ne5+ Ke7 55. Nfg6+ Kd8 56. h6 Nh7 57. g4 fxg4 58. fxg4 Nef6 59. Kf4 Ke8
60. Nh4 Ne4 61. Nf3 Bd8 62. c4 bxc4 63. bxc4 Nef6 64. g5 dxc4 65. gxf6 Bxf6 66.
Nxc4 Kf7 67. Nce5+ Kg8 68. Ng4 Be7 69. Ke5 Nf8 70. Ke4 Kh7 71. Nfe5 Bg5 72. Nf7
Bc1 73. Kd3 Kg6 74. Nfe5+ Kh7 75. Nf7 Kg6 76. Nge5+ Kh7 77. Kc4 Bxh6 78. Kc5 Be3
79. Nc4 Bg1 80. Nfe5 Ng6 81. Nf3 Bf2 82. Ng5+ Kh6 83. Nxe6 Nh4 84. Kc6 Bxd4 85.
Nxd4 Kg5 86. Kd5 Nf5 87. Ne6+ Kf6 88. Nc5 Ne7+ 89. Ke4 Ng6 90. Ne3 Ne7 91. Ng4+
Kg5 92. Ne5 Kf6 93. Ned7+ Kg5 94. Ne6+ Kg4 95. Ne5+ Kg3 96. Nd4 Ng8 97. Nf5+ Kf2
98. Ng4+ Ke2 99. Kf4 Kd3 100. Nf2+ Kc4 101. Ke5 Kc3 102. Ke6 Kd2 103. Kf7 Ke2
104. Nh1 Kf3 105. Kxg8 Kg2 106. Nhg3 Kf3 107. Kf7 Kf4 108. Ke6 Kg4 109. Ke5 Kf3
110. Ne4 Ke2 111. Kf4 Kd3 112. Ke5 Ke2 113. Nfg3+ Kf3 114. Nf1 Ke2 115. Ned2 Kd3
116. Kd5 Kc3 117. Ke4 Kc2 118. Kd4 Kb2 119. Ne3 Ka3 120. Kc4 Ka4 121. Nd5 Ka5
122. Ne4 Ka4 123. Nec3+ Ka3 124. Ne3 Kb2 125. Kb4 Kc1 126. Ne4 Kb2 127. Ka4 Ka2
128. Nd1 Kb1 129. Kb3 Kc1 130. Ne3 Kb1 131. Kc3 Kc1 132. Nf2 Kb1 133. Nd3 Ka2
134. Kb4 Kb1 135. Kb3 Ka1 136. Nf4 Kb1 137. Ne2 Ka1 138. Ka3 Kb1 139. Nd4 Kc1
140. Nb3+ Kb1 141. Nd2+ Kc1 142. Ndf1 Kb1 143. Kb3 Kc1 144. Kc3 Kb1 145. Nd2+
Kc1 146. Ndc4 Kb1 147. Nd1 Kc1 148. Nf2 Kb1 149. Nd3 Ka2 150. Kc2 Ka1 151. Nd6
Ka2 152. Nb5 Ka1 153. Ne5 Ka2 154. Nc4 Ka1 155. Nd2 1/2-1/2

[Event "ch-FRA Blitz Online Qual"]
[Site "Europe-Chess INT"]
[Date "2020.05.16"]
[Round "13"]
[White "Gozzoli, Yannick"]
[Black "Bauer, Christian"]
[Result "0-1"]
[WhiteTitle "GM"]
[BlackTitle "GM"]
[WhiteElo "2600"]
[BlackElo "2623"]
[WhiteFideId "616915"]
[BlackFideId "603767"]
[EventDate "2020.05.16"]

1. d4 a6 2. Nf3 e6 3. c4 b5 4. e3 bxc4 5. Bxc4 Nf6 6. Nc3 d5 7. Bd3 Nbd7 8. O-O
c5 9. b3 Bb7 10. Bb2 Bd6 11. Na4 cxd4 12. exd4 Ne4 13. Rc1 O-O 14. Ne5 Rc8 15.
Rxc8 Qxc8 16. f3 Nxe5 17. Bxe4 dxe4 18. dxe5 Be7 19. fxe4 Bxe4 20. Qe2 Qb7 21.
Rc1 Rd8 22. Nc5 Bxc5+ 23. Rxc5 Bxg2 24. Rc3 Be4 25. Bc1 h6 26. Be3 Bg6 27. a3
Qe4 28. b4 Bf5 29. Rc4 Qb1+ 30. Kg2 Bd3 31. Qd2 Be4+ 0-1

[Event "ch-FRA Blitz Online Qual"]
[Site "Europe-Chess INT"]
[Date "2020.05.16"]
[Round "13"]
[White "Piorun, Kacper"]
[Black "Velten, Paul"]
[Result "1-0"]
[WhiteTitle "GM"]
[BlackTitle "GM"]
[WhiteElo "2601"]
[BlackElo "2480"]
[WhiteFideId "1130420"]
[BlackFideId "681091"]
[EventDate "2020.05.16"]

1. d4 d5 2. c4 dxc4 3. e3 Be6 4. Nc3 Nf6 5. Nf3 h6 6. Nd2 Nbd7 7. Nxc4 Bxc4 8.
Bxc4 e6 9. O-O c6 10. Bb3 Bb4 11. Qf3 O-O 12. e4 e5 13. dxe5 Nxe5 14. Qf5 Bxc3
15. bxc3 Re8 16. Rd1 Qe7 17. h3 Ned7 18. f3 a5 19. Be3 a4 20. Bc2 Qa3 21. Bd4
Nf8 22. Bxf6 gxf6 23. Qxf6 Re6 24. Qd4 b5 25. e5 Rae8 26. f4 c5 27. Qd3 Rg6 28.
Qf3 Rg7 29. f5 b4 30. f6 Rg5 31. h4 Rg6 32. Bxg6 Nxg6 33. Qc6 Rxe5 34. Qc8+ Kh7
35. Rd7 h5 36. Rxf7+ Kh6 37. Qg8 1-0

[Event "ch-FRA Blitz Online Qual"]
[Site "Europe-Chess INT"]
[Date "2020.05.16"]
[Round "13"]
[White "Tokhirjonova, Gulrukhbegim"]
[Black "Safarli, Eltaj"]
[Result "0-1"]
[WhiteTitle "WGM"]
[BlackTitle "GM"]
[WhiteElo "2378"]
[BlackElo "2598"]
[WhiteFideId "14203626"]
[BlackFideId "13402129"]
[EventDate "2020.05.16"]

1. e4 e5 2. Nf3 Nc6 3. Bb5 a6 4. Ba4 d6 5. c3 Bd7 6. d4 g6 7. O-O Bg7 8. h3 Nf6
9. Re1 O-O 10. Nbd2 Re8 11. d5 Ne7 12. Bc2 h6 13. Nf1 Nh7 14. g4 f5 15. gxf5
gxf5 16. exf5 Bxf5 17. Bxf5 Nxf5 18. Ng3 Qd7 19. Kh2 Rf8 20. Re4 Nxg3 21. Kxg3
Qf5 22. Qe2 Nf6 23. Rh4 Nxd5 24. Qe4 Qxe4 25. Rxe4 Rf6 26. c4 Rg6+ 27. Kh2 Rf8
28. cxd5 Rxf3 29. Be3 Bf6 30. Rc1 Bd8 31. b4 Rf7 32. a4 Bg5 33. Rg4 Kh7 34. Bxg5
Rxg5 35. Rxg5 hxg5 36. Kg3 Kg6 37. b5 a5 38. f3 b6 39. Rc4 Kf6 40. h4 gxh4+ 41.
Kxh4 Kf5 42. Kg3 Rg7+ 43. Kf2 Rh7 44. Ke3 Rd7 45. Rh4 Kf6 46. Rh6+ Kg7 47. Rh4
Rf7 48. Rc4 Kf8 49. Rh4 Ke7 50. Rh8 Kd7 51. Rh4 Rg7 52. f4 Rg3+ 53. Ke4 exf4 54.
Rxf4 Ra3 55. Kf5 Re3 56. Kf6 Rd3 57. Rf5 Rd4 58. Kf7 Rxa4 59. Kf8 Rb4 60. Rf7+
Kc8 61. Ke7 Rxb5 62. Rf8+ Kb7 63. Kd7 Rxd5 64. Rc8 Rc5 0-1

[Event "ch-FRA Blitz Online Qual"]
[Site "Europe-Chess INT"]
[Date "2020.05.16"]
[Round "13"]
[White "Maze, Sebastien"]
[Black "Papadiamandis, Elliot"]
[Result "1/2-1/2"]
[WhiteTitle "GM"]
[WhiteElo "2557"]
[BlackElo "2269"]
[WhiteFideId "613762"]
[BlackFideId "36074160"]
[EventDate "2020.05.16"]

1. d4 Nf6 2. Nf3 g6 3. Bg5 Bg7 4. Nbd2 O-O 5. e4 d6 6. Be2 c5 7. d5 h6 8. Bh4 e6
9. dxe6 Bxe6 10. c3 Nc6 11. O-O Qc7 12. Re1 d5 13. Bg3 Qd7 14. exd5 Bxd5 15. Bc4
Bxc4 16. Nxc4 Rad8 17. Qxd7 Rxd7 18. Bd6 Rfd8 19. Bxc5 b6 20. Ba3 Nd5 21. Rad1
b5 22. Ne3 Nxe3 23. Rxd7 Rxd7 24. Rxe3 a5 25. Bc5 b4 26. cxb4 axb4 27. b3 Rd5
28. Bb6 Rb5 29. Bc7 Rb7 30. Bg3 Ra7 31. Re8+ Kh7 32. Re2 Bc3 33. h4 Kg7 34. Bf4
f6 35. g3 g5 36. Be3 Ra5 37. h5 g4 38. Nh2 Ne5 39. Kg2 f5 40. f3 gxf3+ 41. Nxf3
Ng4 42. Bd4+ Bxd4 43. Nxd4 Nf6 44. Re7+ Kg8 45. Re2 Nxh5 46. Nc6 Rb5 47. Re5 Rb6
48. Ne7+ Kf7 49. Nxf5 Ra6 50. Re2 Kg6 51. Ne3 Nf6 52. Nc2 Nd5 53. Nd4 Nc3 54.
Re6+ Rxe6 55. Nxe6 Nxa2 56. Nd4 Kf6 57. Kf3 Ke5 58. Ke3 Nc1 59. Nc6+ Kd6 60.
Nxb4 Nxb3 61. Kf4 Ke6 62. Kg4 Kf6 63. Kh5 Kg7 64. Nd5 Nd4 65. Ne3 Ne2 66. Nf5+
Kh7 67. g4 Nf4+ 68. Kh4 Ng6+ 69. Kg3 Ne5 70. Kf4 Nxg4 71. Kxg4 h5+ 72. Kxh5 1/2-1/2

[Event "ch-FRA Blitz Online Qual"]
[Site "Europe-Chess INT"]
[Date "2020.05.16"]
[Round "13"]
[White "Bijaoui, Manuel"]
[Black "Lagarde, Maxime"]
[Result "1-0"]
[WhiteTitle "IM"]
[BlackTitle "GM"]
[WhiteElo "2411"]
[BlackElo "2655"]
[WhiteFideId "626783"]
[BlackFideId "662399"]
[EventDate "2020.05.16"]

1. e4 c5 2. Nf3 Nc6 3. Bb5 e6 4. O-O Nge7 5. b3 a6 6. Bxc6 Nxc6 7. Bb2 d5 8.
exd5 Qxd5 9. Nc3 Qh5 10. Ne4 Qg6 11. Re1 Be7 12. d4 cxd4 13. Nxd4 Bd7 14. Nf3
Rd8 15. Nd6+ Bxd6 16. Qxd6 Qxc2 17. Ba3 f6 18. Nd4 Qd3 19. Rad1 Qxd1 20. Rxd1
Kf7 21. Nxc6 1-0

[Event "ch-FRA Blitz Online Qual"]
[Site "Europe-Chess INT"]
[Date "2020.05.16"]
[Round "13"]
[White "Rakotomaharo, Fy Antenaina"]
[Black "Dourerassou, Jonathan"]
[Result "0-1"]
[WhiteTitle "IM"]
[BlackTitle "GM"]
[WhiteElo "2422"]
[BlackElo "2477"]
[WhiteFideId "13100050"]
[BlackFideId "628050"]
[EventDate "2020.05.16"]

1. e4 c5 2. Nf3 Nc6 3. Bb5 g6 4. O-O Bg7 5. c3 Nf6 6. Re1 O-O 7. h3 d6 8. d4
cxd4 9. cxd4 Bd7 10. Nc3 a6 11. Bf1 e5 12. Be3 Rc8 13. d5 Ne7 14. Nd2 b5 15. a4
b4 16. Na2 a5 17. Nc4 Rxc4 18. Bxc4 Nxe4 19. Nc1 f5 20. f3 Nf6 21. Nb3 f4 22.
Bf2 Nf5 23. Qd3 Nh5 24. Bb5 Bc8 25. Ba6 Bd7 26. Bb5 Bc8 27. Rac1 Qg5 28. Nxa5
Nh4 29. Bxh4 Qxh4 30. Nc6 Bxh3 31. gxh3 Qg3+ 32. Kf1 Qh2 33. Re4 Qh1+ 34. Ke2
Qxc1 35. Qc4 Ng3+ 36. Kd3 Qd1# 0-1

[Event "ch-FRA Blitz Online Qual"]
[Site "Europe-Chess INT"]
[Date "2020.05.16"]
[Round "13"]
[White "Colin, Vincent"]
[Black "Bellahcene, Bilel"]
[Result "0-1"]
[WhiteTitle "IM"]
[BlackTitle "GM"]
[WhiteElo "2372"]
[BlackElo "2501"]
[WhiteFideId "612324"]
[BlackFideId "696358"]
[EventDate "2020.05.16"]

1. Nf3 Nf6 2. c4 e6 3. Nc3 d5 4. d4 Bb4 5. Bg5 h6 6. Bxf6 Qxf6 7. cxd5 exd5 8.
e3 O-O 9. Bd3 c6 10. h3 Be6 11. O-O Nd7 12. Rc1 Bd6 13. a3 a5 14. e4 dxe4 15.
Nxe4 Qe7 16. Qd2 Bc7 17. Rfe1 Rfe8 18. Nc5 Nxc5 19. Rxc5 Rad8 20. Bb1 Qf6 21.
Qc3 Bd5 22. Ne5 g6 23. Qg3 Qg5 24. Qxg5 hxg5 25. Rcc1 Kg7 26. Kf1 Be6 27. Red1
Bb3 28. Rd3 Be6 29. Nf3 Bd5 30. Nd2 Bb6 31. Nc4 Bc7 32. Ne3 Be4 33. Rd2 Bf4 34.
Ke2 Bxg2 35. Ba2 Bxh3 36. d5 Bg4+ 37. Kf1 Bxe3 38. fxe3 Rxe3 39. d6 Be6 40. Rc5
Bxa2 41. Rxa5 Bd5 42. Ra7 Rxd6 43. Rxb7 Rf6+ 44. Kg1 Rf4 0-1

[Event "ch-FRA Blitz Online Qual"]
[Site "Europe-Chess INT"]
[Date "2020.05.16"]
[Round "13"]
[White "Terrieux, Kevin"]
[Black "Polivanov, Anatoliy"]
[Result "1-0"]
[WhiteTitle "IM"]
[BlackTitle "IM"]
[WhiteElo "2448"]
[BlackElo "2452"]
[WhiteFideId "622591"]
[BlackFideId "14109468"]
[EventDate "2020.05.16"]

1. d4 e6 2. c4 f5 3. g3 Nf6 4. Bg2 g6 5. Nh3 Bg7 6. O-O O-O 7. Nc3 d6 8. d5 e5
9. Ng5 Qe7 10. e4 f4 11. gxf4 exf4 12. Ne6 Bxe6 13. dxe6 Qxe6 14. Bxf4 Nh5 15.
Bg3 Nf4 16. Bxf4 Rxf4 17. e5 Qxe5 18. Bxb7 Qg5+ 19. Kh1 Be5 20. Bxa8 Qh4 21. f3
Rxf3 22. Qe2 Bxh2 23. Bd5+ Kg7 24. Rxf3 Be5+ 25. Kg1 Bd4+ 26. Rf2 Qg3+ 27. Bg2
Nc6 28. Ne4 Qh4 29. Qf3 Ne5 30. Qf8# 1-0

[Event "ch-FRA Blitz Online Qual"]
[Site "Europe-Chess INT"]
[Date "2020.05.16"]
[Round "13"]
[White "Demuth, Adrien"]
[Black "Barseghyan, Harutyun"]
[Result "1-0"]
[WhiteTitle "GM"]
[BlackTitle "IM"]
[WhiteElo "2492"]
[BlackElo "2463"]
[WhiteFideId "642274"]
[BlackFideId "13304585"]
[EventDate "2020.05.16"]

1. Nf3 d5 2. g3 Nf6 3. Bg2 c6 4. O-O Bg4 5. d4 Nbd7 6. Nbd2 e6 7. Re1 Be7 8. e4
dxe4 9. Nxe4 Nxe4 10. Rxe4 Nf6 11. Re1 O-O 12. c3 a5 13. Qb3 Bxf3 14. Bxf3 Qd7
15. a4 Nd5 16. Bd2 Rfd8 17. Rad1 Qc7 18. Bc1 Bf6 19. Bg2 Rac8 20. Qc4 Qb8 21.
Qb3 b5 22. Bxd5 Rxd5 23. Bf4 Qa7 24. Be5 Bxe5 25. Rxe5 Rb8 26. Rxd5 exd5 27. Re1
Qd7 28. axb5 cxb5 29. Re5 Rd8 30. Qa3 a4 31. Qc5 g6 32. h4 h5 33. Re7 Qf5 34.
Qxb5 Rf8 35. Qxa4 Qb1+ 36. Kg2 Qxb2 37. Qc6 Rb8 38. Qxd5 Rf8 39. Rc7 Qd2 40. c4
Kg7 41. c5 Qd3 42. c6 Qc3 43. Rd7 Kg8 44. c7 Qc2 45. Re7 Kg7 46. Qe5+ Kh7 47. d5
Kg8 48. d6 Qc6+ 49. Kh2 Qc2 50. Qf4 Qc6 51. d7 1-0

[Event "ch-FRA Blitz Online Qual"]
[Site "Europe-Chess INT"]
[Date "2020.05.16"]
[Round "13"]
[White "Delorme, Alban"]
[Black "Kurmann, Oliver"]
[Result "1-0"]
[WhiteTitle "FM"]
[BlackTitle "IM"]
[WhiteElo "2322"]
[BlackElo "2430"]
[WhiteFideId "623636"]
[BlackFideId "1308173"]
[EventDate "2020.05.16"]

1. d4 Nf6 2. Nf3 e6 3. g3 c5 4. Bg2 cxd4 5. O-O d5 6. Nxd4 e5 7. Nb3 Be7 8. c4
d4 9. e3 Bg4 10. Qd2 Nc6 11. Bxc6+ bxc6 12. exd4 exd4 13. Qxd4 Qc8 14. Re1 Be6
15. Nc5 Bxc5 16. Qxc5 Nd7 17. Qd6 c5 18. Nc3 Qb8 19. Rxe6+ fxe6 20. Qxe6+ Kd8
21. Bf4 Qb6 22. Qd5 Rc8 23. Rd1 Qc6 24. Qf7 Re8 25. Nd5 Qg6 26. Qxg6 hxg6 27.
Bg5+ Nf6 28. Nxf6+ Kc7 29. Nxe8+ Rxe8 1-0

[Event "ch-FRA Blitz Online Qual"]
[Site "Europe-Chess INT"]
[Date "2020.05.16"]
[Round "13"]
[White "Ioannidis, Evgenios"]
[Black "Parligras, Mircea-Emilian"]
[Result "1-0"]
[WhiteTitle "IM"]
[BlackTitle "GM"]
[WhiteElo "2401"]
[BlackElo "2591"]
[WhiteFideId "4229274"]
[BlackFideId "1204297"]
[EventDate "2020.05.16"]

1. d4 Nf6 2. c4 e6 3. Nc3 Bb4 4. g3 d5 5. Bg2 O-O 6. Nf3 dxc4 7. O-O Nc6 8. Qa4
Nd5 9. Qc2 Be7 10. Rd1 Rb8 11. e4 Ndb4 12. Qe2 b5 13. a4 a6 14. axb5 axb5 15. d5
exd5 16. exd5 Bd6 17. dxc6 Nxc6 18. Bf4 Nb4 19. Bxd6 cxd6 20. Nd4 Bd7 21. Nd5
Re8 22. Qd2 Nd3 23. b3 Re5 24. Qc2 Rc8 25. bxc4 bxc4 26. Qc3 Bg4 27. Rdb1 Be6
28. Nb6 Rb8 29. Nc6 Qf6 30. Ra2 Re1+ 31. Qxe1 Nxe1 32. Nxb8 Qc3 33. Na4 Qd3 34.
Rxe1 h5 35. Nc6 c3 36. Raa1 c2 37. Rec1 Bb3 38. Nb2 Qc3 39. Na4 Qc4 40. Nb6 Qc3
41. Na5 Be6 42. Na4 Qxa5 43. Nb2 Qc3 44. Na4 Qc7 45. Nb2 Qc3 46. Na4 Qc7 47. Ra3
Bf5 48. Nc3 Qc5 49. Ra8+ Kh7 50. Ne4 Qc4 51. Ng5+ Kg6 52. Nf3 Qc3 53. Nh4+ Kf6
54. Nxf5 Kxf5 55. Ra2 Qd4 56. Raxc2 Kg6 57. Re2 Qd3 58. Ree1 Qa6 59. Rcd1 f6 60.
Rd5 Qa2 61. h4 Qa3 62. Red1 Qc3 63. Be4+ Kf7 64. Rxd6 Qc4 65. Bd5+ 1-0

[Event "ch-FRA Blitz Online Qual"]
[Site "Europe-Chess INT"]
[Date "2020.05.16"]
[Round "13"]
[White "Msellek, Ilyass"]
[Black "Wirig, Anthony"]
[Result "1-0"]
[WhiteTitle "FM"]
[BlackTitle "GM"]
[WhiteElo "2316"]
[BlackElo "2499"]
[WhiteFideId "675938"]
[BlackFideId "615013"]
[EventDate "2020.05.16"]

1. e4 c5 2. Nf3 e6 3. g3 Nc6 4. Bg2 g6 5. O-O Bg7 6. c3 d5 7. exd5 exd5 8. d4
cxd4 9. cxd4 Nge7 10. Nc3 h6 11. Re1 O-O 12. Ne5 Nxe5 13. dxe5 Be6 14. Be3 Qa5
15. Qd2 Kh7 16. b4 Qd8 17. Rad1 Nc6 18. Bc5 Re8 19. Bd6 d4 20. Nb5 Rc8 21. Nxd4
Nxd4 22. Qxd4 b6 23. Rc1 Qg5 24. f4 Qf5 25. a3 h5 26. Qe4 Qg4 27. Bf3 Qh3 28.
Bg2 Qg4 29. Kf2 h4 30. Qf3 Qf5 31. g4 Qxg4 32. Qxg4 Bxg4 33. Bb7 Rcd8 34. Rc7
Rd7 35. Rec1 Red8 36. Rxd7 Bxd7 37. Rc7 Kh6 38. Be7 Re8 39. Rxd7 Kh7 40. b5 1-0

[Event "ch-FRA Blitz Online Qual"]
[Site "Europe-Chess INT"]
[Date "2020.05.16"]
[Round "13"]
[White "Arnaudov, G. Petar"]
[Black "Popov, Konstantin"]
[Result "1/2-1/2"]
[WhiteTitle "GM"]
[BlackTitle "FM"]
[WhiteElo "2471"]
[BlackElo "2366"]
[WhiteFideId "2907127"]
[BlackFideId "34137910"]
[EventDate "2020.05.16"]

1. Nf3 d5 2. c4 c6 3. d4 Nf6 4. Nc3 dxc4 5. e4 b5 6. e5 Nd5 7. a4 a6 8. axb5
Nxc3 9. bxc3 cxb5 10. Ng5 Bb7 11. e6 fxe6 12. Qh5+ g6 13. Qg4 Qd7 14. Be2 e5 15.
dxe5 Qxg4 16. Bxg4 Bxg2 17. Rg1 Bd5 18. Ne6 Bxe6 19. Bxe6 Nc6 20. Bd5 Kd7 21.
e6+ Kd6 22. Bh1 Bg7 23. Bf4+ Be5 24. Bxc6 Bxf4 25. Bxa8 Rxa8 26. Ke2 Be5 27. Kd2
Kxe6 28. Rgb1 Rd8+ 29. Kc2 Rd6 30. Rd1 Rc6 31. Re1 Kf6 32. Ra2 Rd6 33. Rd1 Rxd1
34. Kxd1 Bxc3 35. Rxa6+ e6 36. Rb6 b4 37. Rc6 Be5 38. Rxc4 Bxh2 39. Rxb4 h5 40.
Ke2 e5 41. Kf3 Kf5 42. Rb7 e4+ 43. Kg2 Be5 44. Rf7+ Ke6 45. Rf8 Ke7 46. Rg8 Kf7
47. Ra8 Kf6 48. Rf8+ Ke7 49. Ra8 Kf6 50. Rf8+ 1/2-1/2